| 000 | 00549cam a22001575a 4500 | ||
|---|---|---|---|
| 020 | _a905410144X : | ||
| 082 |
_a624.151363 _bBER _cL-37, P-143 |
||
| 100 |
_a Bergado .. _942418 |
||
| 245 | 0 | 0 |
_aImprovement techniques of soft ground in subsiding and lowland environment / _cD.T. Bergado ... [et al.]. |
| 260 |
_aRotterdam ; _aBrookfield, VT : _bBalkema, _c1994. |
||
| 300 | _a232 p. | ||
| 526 |
_a0 _b0 _c0 _d624_151363000000000_BER |
||
| 650 |
_aMCE _9379 |
||
| 856 | 4 | 2 | _uhttp://www.loc.gov/catdir/enhancements/fy0916/99226587-d.html |
| 942 |
_2ddc _cBK |
||
| 999 |
_c546314 _d546314 |
||